| 000 | 008840000a22002170004500 | ||
|---|---|---|---|
| 020 | _a1-55945-688-4 | ||
| 041 | 0 | _aSPA | |
| 082 | 0 | 4 | _aG 259.23 M5788i |
| 245 | 1 | 0 | _aEscoja y seleccione : Ideas dinámicas para reuniones de jóvenes / Esteban Saavedra, Editor ; Miguel A. Mesías E., Traductor |
| 260 | _aColorado, USA : Acción | ||
| 300 | _a123 Pag | ||
| 500 | _aTitulo original : Pick and choose program ideas for youth ministry | ||
| 505 | 0 | 0 | _aActividades y juegos introductorios - Devociones breves - Ideas para iniciar diálogo - Proyectos de evangelización y servicio - Actividades de afirmación personal |
| 650 | 1 | 4 | _aDINAMICA DE GRUPO \ JUEGOS EN GRUPOS \ EDUCACION CRISTIANA DE JOVENES |
| 001 | 7672 | ||
| 856 | 4 | 0 | _awww.group.com |
| 942 | _cBK | ||
| 999 |
_c37877 _d37877 |
||
| 336 |
_atexto _btxt _2rdacontent |
||
| 337 |
_2rdamedia _asin mediación _bn |
||
| 338 |
_2rdacarrier _avolumen _bnc |
||